000 00230 a2200097 4500
001 51556
100 _aBowes W H
245 _aLecture Notice Advanced Engineering Mathematics
260 _a
_bJohn Wiley
_c
090 _c32649
_d32649
942 _aNUST-CAE
_cM
_c25168
999 _c286629
_d286629